| 000 | 01122nam a2200277 a 4500 | ||
|---|---|---|---|
| 001 | 48479 | ||
| 003 | BD-RjUL | ||
| 005 | 20211209054530.0 | ||
| 008 | 160814s1961 ii ||||| |||| 00| 0 ben d | ||
| 020 | _c: Tk. 15.00 (Vol. 3) | ||
| 035 | _a(BD-RjUL)48598 | ||
| 040 |
_aBD-RjUL _bben _cBD-RjUL |
||
| 041 | _aben | ||
| 082 |
_223 _a891.4414 _bSER 1961 |
||
| 100 | 1 |
_aসেন, সুকুমার _9146578 |
|
| 245 | 1 | 0 | _aরবীন্দ্রনাথ ঠাকুর / |
| 250 | _a৩য় পরিবর্ধিত সং. | ||
| 260 |
_aকলিকাতা : _bইষ্টার্ণ পাবলিশার্স, _c১৯৬১ |
||
| 300 |
_a খণ্ড : _bচিত্র ; _c২২ সেমি. |
||
| 505 | _a খণ্ড-৩ : (বাঙ্গালা সাহিত্যের ইতিহাস) -- | ||
| 600 |
_aঠাকুর, রবীন্দ্রনাথ ১৮৬১-১৯৪১ _9146583 |
||
| 600 |
_aTagore, Rabindranath 1861-1941 _9146584 |
||
| 650 |
_aবাংলা সাহিত্য _9146581 |
||
| 650 |
_aBengali literature _9146582 |
||
| 942 |
_2ddc _cBK _01 |
||
| 999 |
_c48479 _d48479 |
||